| 000 | 00614nam a2200205 a 4500 | ||
|---|---|---|---|
| 005 | 20240316063726.0 | ||
| 008 | 991125s1974 mx 000 0 spa u | ||
| 035 | _aUPN01000029076 | ||
| 049 | _aCG | ||
| 050 | 4 |
_aB823.3 _bM3.38 |
|
| 100 | 1 |
_aMarx, Karl, _d1818-1883 |
|
| 245 | 1 | 3 |
_aLa ideología alemana / _cC. Marx, F. Engels ; tr. directa del alemán de Wenceslao Roces. |
| 260 |
_aMéxico : _bCultura Popular, _c1974. |
||
| 300 | _a747 p. | ||
| 440 | 0 | _aBiblioteca marxista | |
| 650 | 4 |
_aIdeología _96793 |
|
| 650 | 4 |
_aFilosofía _95327 |
|
| 700 | 1 |
_aEngels, Friedrich, _d1820-1895 _ecoaut. |
|
| 905 | _aLibro | ||
| 999 |
_c29076 _d29076 |
||